| 000 | 00356nam a2200157Ia 4500 | ||
|---|---|---|---|
| 008 | 210210b1899 xxu||||| |||| 00| 0 eng d | ||
| 041 | _aeng | ||
| 082 | _a822/58 | ||
| 100 | _aBACON (F) | ||
| 245 | _aNew atlantis | ||
| 260 |
_aLondon _bMacmillan & Co. Ltd. _c1899 |
||
| 650 | _aNew | ||
| 650 | _aatlantis | ||
| 690 | _aEnglish Prose | ||
| 906 | _a012245 | ||
| 999 |
_c131028 _d131028 |
||